<?xml version="1.0" encoding="UTF-8"?>
<record
    xmlns:xsi="http://www.w3.org/2001/XMLSchema-instance"
    xsi:schemaLocation="http://www.loc.gov/MARC21/slim http://www.loc.gov/standards/marcxml/schema/MARC21slim.xsd"
    xmlns="http://www.loc.gov/MARC21/slim">

  <leader>00569cas a2200157   4500</leader>
  <controlfield tag="008">130715n                            eng u</controlfield>
  <datafield tag="022" ind1=" " ind2=" ">
    <subfield code="a">02589001</subfield>
  </datafield>
  <datafield tag="035" ind1=" " ind2=" ">
    <subfield code="a">(Sirsi) a179735</subfield>
  </datafield>
  <datafield tag="050" ind1=" " ind2=" ">
    <subfield code="a">DT1.J6</subfield>
  </datafield>
  <datafield tag="245" ind1=" " ind2=" ">
    <subfield code="a">Journal of Contemporary African Studies</subfield>
  </datafield>
  <datafield tag="260" ind1=" " ind2=" ">
    <subfield code="a">Grahamstown:</subfield>
    <subfield code="b">Institute of Social  and Economic Research</subfield>
  </datafield>
  <datafield tag="310" ind1=" " ind2=" ">
    <subfield code="a">Quarterly</subfield>
  </datafield>
  <datafield tag="362" ind1=" " ind2=" ">
    <subfield code="a">Vol. 1, No. 1, 1981 - Vol. 33, No. 1, 2015</subfield>
  </datafield>
  <datafield tag="520" ind1=" " ind2=" ">
    <subfield code="a">This journal publishes articles on research and writing in social sciences particularly in African Studies.</subfield>
  </datafield>
  <datafield tag="650" ind1=" " ind2=" ">
    <subfield code="a">Contemporary African Studies</subfield>
  </datafield>
  <datafield tag="999" ind1=" " ind2=" ">
    <subfield code="c">9516</subfield>
    <subfield code="d">9516</subfield>
  </datafield>
  <datafield tag="952" ind1=" " ind2=" ">
    <subfield code="0">0</subfield>
    <subfield code="1">0</subfield>
    <subfield code="2">lcc</subfield>
    <subfield code="4">0</subfield>
    <subfield code="7">0</subfield>
    <subfield code="a">MAIN</subfield>
    <subfield code="b">MAIN</subfield>
    <subfield code="c">SERIAL</subfield>
    <subfield code="l">0</subfield>
    <subfield code="o">DT1.J6</subfield>
    <subfield code="p">90013122013</subfield>
    <subfield code="r">2019-08-12 00:00:00</subfield>
    <subfield code="t">1</subfield>
    <subfield code="w">2019-08-12</subfield>
    <subfield code="y">SERIAL</subfield>
  </datafield>
  <datafield tag="952" ind1=" " ind2=" ">
    <subfield code="0">0</subfield>
    <subfield code="1">0</subfield>
    <subfield code="2">lcc</subfield>
    <subfield code="4">0</subfield>
    <subfield code="7">0</subfield>
    <subfield code="a">MAIN</subfield>
    <subfield code="b">MAIN</subfield>
    <subfield code="c">SERIAL</subfield>
    <subfield code="l">0</subfield>
    <subfield code="o">DT1.J6</subfield>
    <subfield code="p">90013132013</subfield>
    <subfield code="r">2019-08-12 00:00:00</subfield>
    <subfield code="t">2</subfield>
    <subfield code="w">2019-08-12</subfield>
    <subfield code="y">SERIAL</subfield>
  </datafield>
  <datafield tag="952" ind1=" " ind2=" ">
    <subfield code="0">0</subfield>
    <subfield code="1">0</subfield>
    <subfield code="2">lcc</subfield>
    <subfield code="4">0</subfield>
    <subfield code="7">0</subfield>
    <subfield code="a">MAIN</subfield>
    <subfield code="b">MAIN</subfield>
    <subfield code="c">SERIAL</subfield>
    <subfield code="d">2013-10-12</subfield>
    <subfield code="l">0</subfield>
    <subfield code="o">DT1.J6</subfield>
    <subfield code="p">90013142013</subfield>
    <subfield code="r">2019-08-12 00:00:00</subfield>
    <subfield code="t">3</subfield>
    <subfield code="w">2019-08-12</subfield>
    <subfield code="y">SERIAL</subfield>
  </datafield>
  <datafield tag="952" ind1=" " ind2=" ">
    <subfield code="0">0</subfield>
    <subfield code="1">0</subfield>
    <subfield code="2">lcc</subfield>
    <subfield code="4">0</subfield>
    <subfield code="7">0</subfield>
    <subfield code="a">MAIN</subfield>
    <subfield code="b">MAIN</subfield>
    <subfield code="c">SERIAL</subfield>
    <subfield code="l">0</subfield>
    <subfield code="o">DT1.J6</subfield>
    <subfield code="p">90013212014</subfield>
    <subfield code="r">2019-08-12 00:00:00</subfield>
    <subfield code="t">4</subfield>
    <subfield code="w">2019-08-12</subfield>
    <subfield code="y">SERIAL</subfield>
  </datafield>
  <datafield tag="952" ind1=" " ind2=" ">
    <subfield code="0">0</subfield>
    <subfield code="1">0</subfield>
    <subfield code="2">lcc</subfield>
    <subfield code="4">0</subfield>
    <subfield code="7">0</subfield>
    <subfield code="a">MAIN</subfield>
    <subfield code="b">MAIN</subfield>
    <subfield code="c">SERIAL</subfield>
    <subfield code="l">0</subfield>
    <subfield code="o">DT1.J6</subfield>
    <subfield code="p">90013222014</subfield>
    <subfield code="r">2019-08-12 00:00:00</subfield>
    <subfield code="t">5</subfield>
    <subfield code="w">2019-08-12</subfield>
    <subfield code="y">SERIAL</subfield>
  </datafield>
  <datafield tag="952" ind1=" " ind2=" ">
    <subfield code="0">0</subfield>
    <subfield code="1">0</subfield>
    <subfield code="2">lcc</subfield>
    <subfield code="4">0</subfield>
    <subfield code="7">0</subfield>
    <subfield code="a">MAIN</subfield>
    <subfield code="b">MAIN</subfield>
    <subfield code="c">SERIAL</subfield>
    <subfield code="l">0</subfield>
    <subfield code="o">DT1.J6</subfield>
    <subfield code="p">90013242014</subfield>
    <subfield code="r">2019-08-12 00:00:00</subfield>
    <subfield code="t">6</subfield>
    <subfield code="w">2019-08-12</subfield>
    <subfield code="y">SERIAL</subfield>
  </datafield>
  <datafield tag="952" ind1=" " ind2=" ">
    <subfield code="0">0</subfield>
    <subfield code="1">0</subfield>
    <subfield code="2">lcc</subfield>
    <subfield code="4">0</subfield>
    <subfield code="7">0</subfield>
    <subfield code="a">MAIN</subfield>
    <subfield code="b">MAIN</subfield>
    <subfield code="c">SERIAL</subfield>
    <subfield code="l">0</subfield>
    <subfield code="o">DT1.J6</subfield>
    <subfield code="p">90013312015</subfield>
    <subfield code="r">2019-08-12 00:00:00</subfield>
    <subfield code="t">7</subfield>
    <subfield code="w">2019-08-12</subfield>
    <subfield code="y">SERIAL</subfield>
  </datafield>
  <datafield tag="952" ind1=" " ind2=" ">
    <subfield code="0">0</subfield>
    <subfield code="1">0</subfield>
    <subfield code="2">lcc</subfield>
    <subfield code="4">0</subfield>
    <subfield code="7">0</subfield>
    <subfield code="a">MAIN</subfield>
    <subfield code="b">MAIN</subfield>
    <subfield code="c">SERIAL</subfield>
    <subfield code="l">0</subfield>
    <subfield code="o">DT1.J6</subfield>
    <subfield code="p">90011022001</subfield>
    <subfield code="r">2019-08-12 00:00:00</subfield>
    <subfield code="t">8</subfield>
    <subfield code="w">2019-08-12</subfield>
    <subfield code="y">SERIAL</subfield>
  </datafield>
  <datafield tag="952" ind1=" " ind2=" ">
    <subfield code="0">0</subfield>
    <subfield code="1">0</subfield>
    <subfield code="2">lcc</subfield>
    <subfield code="4">0</subfield>
    <subfield code="7">0</subfield>
    <subfield code="a">MAIN</subfield>
    <subfield code="b">MAIN</subfield>
    <subfield code="c">SERIAL</subfield>
    <subfield code="l">0</subfield>
    <subfield code="o">DT1.J6</subfield>
    <subfield code="p">90018/91/2</subfield>
    <subfield code="r">2019-08-12 00:00:00</subfield>
    <subfield code="t">9</subfield>
    <subfield code="w">2019-08-12</subfield>
    <subfield code="y">SERIAL</subfield>
  </datafield>
  <datafield tag="952" ind1=" " ind2=" ">
    <subfield code="0">0</subfield>
    <subfield code="1">0</subfield>
    <subfield code="2">lcc</subfield>
    <subfield code="4">0</subfield>
    <subfield code="7">0</subfield>
    <subfield code="a">MAIN</subfield>
    <subfield code="b">MAIN</subfield>
    <subfield code="c">SERIAL</subfield>
    <subfield code="l">0</subfield>
    <subfield code="o">DT1.J6</subfield>
    <subfield code="p">9001221983</subfield>
    <subfield code="r">2019-08-12 00:00:00</subfield>
    <subfield code="t">10</subfield>
    <subfield code="w">2019-08-12</subfield>
    <subfield code="y">SERIAL</subfield>
  </datafield>
  <datafield tag="952" ind1=" " ind2=" ">
    <subfield code="0">0</subfield>
    <subfield code="1">0</subfield>
    <subfield code="2">lcc</subfield>
    <subfield code="4">0</subfield>
    <subfield code="7">0</subfield>
    <subfield code="a">MAIN</subfield>
    <subfield code="b">MAIN</subfield>
    <subfield code="c">SERIAL</subfield>
    <subfield code="l">0</subfield>
    <subfield code="o">DT1.J6</subfield>
    <subfield code="p">9001</subfield>
    <subfield code="r">2019-08-12 00:00:00</subfield>
    <subfield code="t">11</subfield>
    <subfield code="w">2019-08-12</subfield>
    <subfield code="y">SERIAL</subfield>
  </datafield>
  <datafield tag="952" ind1=" " ind2=" ">
    <subfield code="0">0</subfield>
    <subfield code="1">0</subfield>
    <subfield code="2">lcc</subfield>
    <subfield code="4">0</subfield>
    <subfield code="7">0</subfield>
    <subfield code="a">MAIN</subfield>
    <subfield code="b">MAIN</subfield>
    <subfield code="c">SERIAL</subfield>
    <subfield code="l">0</subfield>
    <subfield code="o">DT1.J6</subfield>
    <subfield code="p">900111621998</subfield>
    <subfield code="r">2019-08-12 00:00:00</subfield>
    <subfield code="t">12</subfield>
    <subfield code="w">2019-08-12</subfield>
    <subfield code="y">SERIAL</subfield>
  </datafield>
  <datafield tag="952" ind1=" " ind2=" ">
    <subfield code="0">0</subfield>
    <subfield code="1">0</subfield>
    <subfield code="2">lcc</subfield>
    <subfield code="4">0</subfield>
    <subfield code="7">0</subfield>
    <subfield code="a">MAIN</subfield>
    <subfield code="b">MAIN</subfield>
    <subfield code="c">SERIAL</subfield>
    <subfield code="l">0</subfield>
    <subfield code="o">DT1.J6</subfield>
    <subfield code="p"> 90011511997</subfield>
    <subfield code="r">2019-08-12 00:00:00</subfield>
    <subfield code="t">13</subfield>
    <subfield code="w">2019-08-12</subfield>
    <subfield code="y">SERIAL</subfield>
  </datafield>
  <datafield tag="952" ind1=" " ind2=" ">
    <subfield code="0">0</subfield>
    <subfield code="1">0</subfield>
    <subfield code="2">lcc</subfield>
    <subfield code="4">0</subfield>
    <subfield code="7">0</subfield>
    <subfield code="a">MAIN</subfield>
    <subfield code="b">MAIN</subfield>
    <subfield code="c">SERIAL</subfield>
    <subfield code="l">0</subfield>
    <subfield code="o">DT1.J6</subfield>
    <subfield code="p">90011152997</subfield>
    <subfield code="r">2019-08-12 00:00:00</subfield>
    <subfield code="t">14</subfield>
    <subfield code="w">2019-08-12</subfield>
    <subfield code="y">SERIAL</subfield>
  </datafield>
  <datafield tag="952" ind1=" " ind2=" ">
    <subfield code="0">0</subfield>
    <subfield code="1">0</subfield>
    <subfield code="2">lcc</subfield>
    <subfield code="4">0</subfield>
    <subfield code="7">0</subfield>
    <subfield code="a">MAIN</subfield>
    <subfield code="b">MAIN</subfield>
    <subfield code="c">SERIAL</subfield>
    <subfield code="l">0</subfield>
    <subfield code="o">DT1.J6</subfield>
    <subfield code="p">90011821998</subfield>
    <subfield code="r">2019-08-12 00:00:00</subfield>
    <subfield code="t">15</subfield>
    <subfield code="w">2019-08-12</subfield>
    <subfield code="y">SERIAL</subfield>
  </datafield>
</record>
